000 00330nam a22001337a 4500
008 181022b xxu||||| |||| 00| 0 eng d
020 _a9780135011805
041 _aeng
080 _a610
100 _a4
101 _aSHM
245 _aHealth Smart Your Personal plan to living longer and Healthier
_cVierck,E
942 _2udc
_cBK
999 _c50399
_d50399